<?xml version="1.0" encoding="UTF-8"?>
<record
    xmlns:xsi="http://www.w3.org/2001/XMLSchema-instance"
    xsi:schemaLocation="http://www.loc.gov/MARC21/slim http://www.loc.gov/standards/marcxml/schema/MARC21slim.xsd"
    xmlns="http://www.loc.gov/MARC21/slim">

  <leader>00878nab a2200229 uc4500</leader>
  <controlfield tag="001">921813</controlfield>
  <controlfield tag="005">20240201200208.0</controlfield>
  <controlfield tag="008">050426nuuuuuuuu                    spa  </controlfield>
  <datafield tag="035" ind1=" " ind2=" ">
    <subfield code="a">921813</subfield>
  </datafield>
  <datafield tag="035" ind1=" " ind2=" ">
    <subfield code="a">(OCoLC)820318851</subfield>
  </datafield>
  <datafield tag="040" ind1=" " ind2=" ">
    <subfield code="c">comduadb</subfield>
  </datafield>
  <datafield tag="041" ind1=" " ind2=" ">
    <subfield code="a">spa</subfield>
  </datafield>
  <datafield tag="110" ind1="2" ind2="0">
    <subfield code="a">C&#xE1;mara de Comercio de Medell&#xED;n para Antioquia</subfield>
    <subfield code="4">aut</subfield>
    <subfield code="e">aut</subfield>
    <subfield code="9">832183</subfield>
  </datafield>
  <datafield tag="245" ind1="1" ind2="0">
    <subfield code="a">4 candidatos, 4 programas econ&#xF3;micos</subfield>
  </datafield>
  <datafield tag="650" ind1=" " ind2=" ">
    <subfield code="a">Programas de gobierno</subfield>
    <subfield code="9">80044</subfield>
  </datafield>
  <datafield tag="650" ind1=" " ind2=" ">
    <subfield code="a">Betancur Cuartas, Belisario, 1923-2018</subfield>
    <subfield code="9">175128</subfield>
  </datafield>
  <datafield tag="650" ind1=" " ind2=" ">
    <subfield code="a">Gal&#xE1;n Sarmiento, Luis Carlos, 1943-1989 - Programas de gobierno</subfield>
    <subfield code="9">46330</subfield>
  </datafield>
  <datafield tag="650" ind1=" " ind2=" ">
    <subfield code="a">L&#xF3;pez Michelsen, Alfonso, 1913-2007</subfield>
    <subfield code="9">87014</subfield>
  </datafield>
  <datafield tag="650" ind1=" " ind2=" ">
    <subfield code="a">Molina, Gerardo, 1906-1991 - Pensamiento pol&#xED;tico</subfield>
    <subfield code="9">7729</subfield>
  </datafield>
  <datafield tag="773" ind1="0" ind2=" ">
    <subfield code="t">Revista Antioque&#xF1;a de Econom&#xED;a (Medell&#xED;n)</subfield>
    <subfield code="g">N&#xFA;mero 05, Enero-Marzo 1982, p. 80-99</subfield>
    <subfield code="w">7309</subfield>
    <subfield code="x">0120-3010</subfield>
    <subfield code="0">5721</subfield>
  </datafield>
  <datafield tag="942" ind1=" " ind2=" ">
    <subfield code="c">ARIMP</subfield>
  </datafield>
  <datafield tag="999" ind1=" " ind2=" ">
    <subfield code="c">346455</subfield>
    <subfield code="d">346455</subfield>
  </datafield>
</record>
